Access English
| Main Author: | |
|---|---|
| Format: | Book |
| Published: |
South Melbourne :
Macmillan Education ,
1993
|
| Subjects: |
MARC
| LEADER | 00000cam a2200000 7i4500 | ||
|---|---|---|---|
| 001 | 0000004514 | ||
| 002 | 000004866 | ||
| 005 | 20000330.0 | ||
| 020 | |a 0732917956 | ||
| 090 | 0 | 0 | |a 808.042 |b MAR |
| 100 | 1 | |a Martin, Steve | |
| 245 | 1 | 0 | |a Access English |c Steve Martin |
| 260 | |a South Melbourne : |b Macmillan Education , |c 1993 | ||
| 300 | |a 194p. ; |c 22cm. | ||
| 650 | 0 | 0 | |a English language |x Rhetoric |a Language arts |
| 999 | |a 034594 |b BUKU |c PINJAMAN |e PERPUSTAKAAN KOMUNITI PETALING JAYA | ||